Conquistadora /

Guardado en:
Bibliografiske detaljer
Hovedforfatter: Santiago, Esmeralda (autor)
Format: Bog
Sprog:spansk
Udgivet: México : Suma de Letras, 2011, c2011
Fag:
Tags: Tilføj Tag
Ingen Tags, Vær først til at tagge denne postø!

MARC

LEADER 00000nam^a2200000^a^4500
001 000318188
005 20250521000000.0
009 20260310113405.223
020 |a 978-607-11-1289-7 
037 |a Acervo ITESO - Biblioteca 
041 |a ESP 
082 |a 863.  |b SAN 
100 |a Santiago, Esmeralda  |e (autor) 
245 1 0 |a Conquistadora /  |c E. Santiago ; tr. de Diego Jesús Vega. 
264 4 |a México :  |b Suma de Letras,  |c 2011, c2011 
300 |a 508 p. 
336 |a texto  |b txt  |2 rdacontenido 
337 |a sin mediación  |b n  |2 rdamedio 
338 |a volumen  |b nc  |2 rdasoporte 
500 |a Traducción de: Conquistadora 
649 |a XX 
650 |a Novela Puertorriqueña 
650 |a Literatura Puertorriqueña -  |y Siglo XXI 
650 |a Literatura de Mujeres -  |z Puerto Rico 
650 |a Literatura en Inglés -  |z Puerto Rico 
910 |a Fondo General 
920 |a Impresos - Libros 
930 |a Colección General 
940 |a Literatura 
905 |a 101 
901 |a 0500205133  |b IT1  |c LIT  |i C130425  |u 20250521 
902 |a https://opac.biblio.iteso.mx/vufind/Record/000318188